The Avengers Quotes Quiz Stats

 Plays Quiz not verified by Sporcle

Challenge
Share
Tweet
Embed
Score 0/51 Timer 05:00
0 Plays Today
Hint Answer % Correct
I have an armyLoki Laufeyson
97.5%
Puny god!Bruce Banner
96.9%
Genius, billionaire, playboy, philanthropistTony Stark
96.3%
So you take the world I love as recompense for your imagined slights? No, the Earth is under MY protection, Loki!Thor Odinson
95%
What's the matter, scared of a little lightning?Steve Rogers
94.4%
This is just like Budapest all over againNatasha Romanoff
93.8%
I have a plan: attack!Tony Stark
89.4%
That's my secret, Captain: I'm always angryBruce Banner
86.3%
These guys come from legend. They're basically godsNatasha Romanoff
82%
I thought humans were more evolved than thisThor Odinson
80.7%
If it's all the same to you, I'll have that drink nowLoki Laufeyson
80.7%
I want to know what you've done to Agent BartonNatasha Romanoff
78.3%
I was having 12% of a momentPepper Potts
76.4%
Phil! Come inPepper Potts
75.2%
Is this about the Avengers? Which.... I know nothing aboutPepper Potts
75.2%
I swear, Stark, one more wisecrack out of you....Steve Rogers
74.5%
He'd have to heat the cube to a hundred and twenty million Kelvin just to break through the Coulomb barrierBruce Banner
73.9%
Make a move, Reindeer GamesTony Stark
72.7%
He's a spy, Captain. He's *the* spy. His secrets have secrets....Tony Stark
72%
Gentlemen, you might want to step inside in a minute. It's going to get a little hard to breatheNatasha Romanoff
70.8%
You don't understand. Have you ever had someone take your brain and play? Take you out and stuff something else in? You know what it's like to be unmade?Clint Barton
69.6%
Power to four-hundred percent capacityJ.A.R.V.I.S.
68.3%
We on Asgard pretend that we are more advanced, but we, we come here battling like BilgesnipeThor Odinson
67.1%
You think you could make Loki tell us where the Tesseract is?Nick Fury
66.5%
I wouldn't consider him a role modelJ.A.R.V.I.S.
64.6%
Superheroes? In New York? Give me a break!Stan Lee
64%
Hint Answer % Correct
Yeah? Get in lineClint Barton
62.7%
Natasha, Barton's been compromisedPhil Coulson
62.7%
Well, Thor's taking on a squadron down on SixthClint Barton
61.5%
He turnsMaria Hill
59%
We think so. I'll brief you on everything when you get back. But first, we need you to talk to the big guyPhil Coulson
58.4%
So....this all seems horribleBruce Banner
56.5%
Are you ever NOT going to fall for that?Loki Laufeyson
56.5%
We've made some mistakes along the way. Some, very recentlyNick Fury
54.7%
He's right. The portal is collapsing in on itself. We've got maybe two minutes before this goes criticalErik Selvig
48.4%
You're supposed to be locating the Tesseract!Nick Fury
47.8%
Situated at the island of MANHATTAN!Nick Fury
41.6%
When did you become an expert in thermonuclear astrophysics?Maria Hill
41%
Sir, shall I try Ms. Potts?J.A.R.V.I.S.
41%
Fury didn't tell me he was calling you inSteve Rogers
39.8%
So THAT'S what it doesPhil Coulson
39.1%
He was out of his league. He should have waited. He should have....Tony Stark
37.9%
Tasha, how many agents did I....?Clint Barton
37.9%
I can close it! Does anybody copy? I can shut the portal down!Natasha Romanoff
37.3%
Is that the only word on me?Bruce Banner
35.4%
Captain, it would be my genuine pleasureClint Barton
32.3%
The Tesseract has awakened. It is on a little world. A human worldThe Other
29.8%
It's too late! She can't stop now. She wants to show us something! A new universe!Erik Selvig
29.8%
Because we'll need them toNick Fury
29.2%
Levels are holding steady....I thinkPepper Potts
27.3%
Don't think soPhil Coulson
13.7%

You're not logged in!

Compare scores with friends on all Sporcle quizzes.
Join for Free
OR
Log In

You Might Also Like...

Show Comments

Extras

Created Jun 18, 2016ReportNominate
Tags:Quote Quiz, avengers

Top Quizzes Today


Score Distribution

Your Account Isn't Verified!

In order to create a playlist on Sporcle, you need to verify the email address you used during registration. Go to your Sporcle Settings to finish the process.

Report this User

Report this user for behavior that violates our Community Guidelines.

Details: